General Knowledge MCQ #13 - Statistics

General Stats
  • This quiz has been taken 15 times
  • The average score is 7 of 15
Answer Stats
Question Answer % Correct
The original Hermès Birkin Bag, most expensive handbag ever sold at auction, was sold for approximately $10 M
85%
The Big Ben officially known as Elizabeth Tower situated in London was previously called as C) St Stephen's Tower
77%
Chelsea cruises to 3-0 victory to win 2025 FIFA Club World Cup by defeating PSG
77%
The construction of The Flavian amphitheatre, better known as the Colosseum, of Rome, Italy, was completed in the century A) First
54%
Faber-Castell is one the oldest but the largest producer in the industry of C) Pencil
54%
Nvidia, the only $ 4 Trillion company in the world although for a moment , was founded in the year 1993
46%
Which Canadian Team made it to this year's Stanley Cup final? B) Edmonton Oilers
46%
Jannik Sinner became the _ Italian to win Wimbledon in the tournament's 148 year history. First
46%
The Pulitzer Prize is one of the most prestigious awards in the USA, announced by A) Columbia University
38%
The word Autarky - from the Greek auto and arkeo gives the meaning of Self Sufficiency
38%
The winner of the first Wimbledon Men's Singles Championship held in1877 received prize money of $15
23%
Royal Enfield, the oldest motorcycle manufacturer in continuous production, is the subsidiary of A) Eicher Motors
23%
This popular singer has referred to her fans as " Number Ones". B.) Rosé
23%
Tehran, the capital of Iran, is located on the bank of this river D.) None of the above
23%
Hemileia vastatrix fungus disease is the most common disease found in A. Coffee
15%
No matching quizzes found
Score Distribution
Percent of People with Each Score
Percentile by Number Answered
Your Score History
You have not taken this quiz